Documentos que sintetizan y compendian la visita pastoral de la Real Capilla y Cofradía de Nuestra Señora de los Desamparados de la ciudad de Valencia y conducta de la Junta de Cofradía. (Record no. 174946)

MARC details
000 -LEADER
campo de control de longitud fija 00659nam a22001455i 4500
001 - NÚMERO DE CONTROL
campo de control 174946
003 - IDENTIFICADOR DE NÚMERO DE CONTROL
campo de control ES-MaACL
005 - FECHA Y HORA DE LA ÚLTIMA TRANSACCIÓN
campo de control 20230906215713.0
008 - DATOS DE LONGITUD FIJA--INFORMACIÓN GENERAL
campo de control de longitud fija 100727s1885 sp |||| | spa d
245 00 - MENCIÓN DEL TÍTULO
Título Documentos que sintetizan y compendian la visita pastoral de la Real Capilla y Cofradía de Nuestra Señora de los Desamparados de la ciudad de Valencia y conducta de la Junta de Cofradía.
260 ## - PUBLICACIÓN, DISTRIBUCIÓN, ETC.
Lugar de publicación, distribución, etc. Valencia :
Nombre del editor, distribuidor, etc. [s.n.],
Fecha de publicación, distribución, etc. 1885 (
Fabricante Impr. de Nicasio Rius Monfort)
300 ## - DESCRIPCIÓN FÍSICA
Extensión 115 p. ;
Dimensiones 32 cm.
610 24 - PUNTO DE ACCESO ADICIONAL DE MATERIA--NOMBRE DE ENTIDAD CORPORATIVA
Nombre de entidad corporativa o nombre de jurisdicción como elemento de entrada Archicofradía de Nuestra Señora de los Desamparados (Valencia)
9 (RLIN) 164054
852 ## - LOCALIZACIÓN
Ubicación ES-MaACL
Número de control de estantería T-501-F-1
condición física .- Faltan las 10 páginas primeras
Holdings
Estatus retirado Estado de pérdida Estado de daño No para préstamo Colección Biblioteca de origen Biblioteca actual Ubicación en estantería Fecha de adquisición Fuente de adquisición Total de préstamos Signatura topográfica completa Código de barras Visto por última vez Precio de reemplazo Tipo de ítem Koha
        Colección de folletos Biblioteca del Ateneo de Madrid Biblioteca del Ateneo de Madrid Depósito folletos 27/07/2010     T-501-F-1 1183683 23/02/2023 23/02/2023 Folleto